| 000 | 00919nam a2200265Ia 4500 | ||
|---|---|---|---|
| 003 | OSt | ||
| 005 | 20220930091532.0 | ||
| 006 | a|||||r|||| 00| 0 | ||
| 007 | ta | ||
| 008 | 220926b |||||||| |||| 00| 0 eng d | ||
| 024 | _a6449 | ||
| 037 | _cTheses | ||
| 040 |
_aCRL _cCRL _beng |
||
| 041 |
_2eng _aeng |
||
| 100 |
_aAgrawal Bhavna Au. _9545947 |
||
| 110 | _aUniversity of Delhi. Faculty of Medical Sciences. Department of Pharmacy | ||
| 245 | 0 | _aDevelopment and validation of analytical methods on uv-visible spectrophotometer hptlc & reverse phase hplc for estimation of etizolam in tablets | |
| 260 | _c2010 | ||
| 300 |
_a113 _ap. _ccm. |
||
| 650 |
_aPHARMACY _9222451 |
||
| 700 |
_a Dr. B. P. Srinivasan Gu. _9541620 |
||
| 700 | _aUniversity of Delhi. Faculty of Medical Sciences. Department of Pharmacy | ||
| 942 |
_cDIS _2CC |
||
| 999 |
_c882219 _d882219 |
||